[Event "13ème Open International de NANTES"]
[Site "Nantes - France"]
[Date "2014.12.28"]
[Round "3.6"]
[White "Jaulin, Philippe"]
[Black "Pellegrini, Thibaud"]
[Result "1/2-1/2"]
[WhiteElo "2150"]
[BlackElo "1702"]
[PlyCount "49"]
[EventDate "2014.??.??"]

1. e4 d6 2. d4 Nf6 3. Nc3 Nbd7 4. Nf3 e5 5. Bc4 Be7 6. O-O O-O 7. a4 a5 8. h3
c6 9. Ba2 Qc7 10. Be3 h6 11. Nh4 Re8 12. Nf5 Nf8 13. Ng3 Ng6 14. Qd2 Bd7 15.
Rad1 exd4 16. Bxd4 Nh4 17. f4 Be6 18. Bxe6 fxe6 19. f5 exf5 20. Nxf5 Nxf5 21.
Rxf5 Rf8 22. Rdf1 Nd7 23. Qd3 Rxf5 24. Rxf5 Bf6 25. Bxf6 1/2-1/2

[Event "13ème Open International de NANTES"]
[Site "Nantes - France"]
[Date "2014.12.28"]
[Round "3.7"]
[White "Theon, Pierre"]
[Black "Rivet, Bertrand"]
[Result "1-0"]
[WhiteElo "2113"]
[BlackElo "1723"]
[PlyCount "53"]
[EventDate "2014.??.??"]

1. c4 e6 2. g3 d5 3. Bg2 Nf6 4. Nf3 Bd6 5. O-O O-O 6. b3 Qe7 7. Bb2 Nbd7 8. Nc3
c6 9. Qc2 e5 10. cxd5 cxd5 11. Nb5 e4 12. Nfd4 Ne5 13. Nxd6 Qxd6 14. Nb5 Qe7
15. Ba3 Qd8 16. Bxf8 Kxf8 17. Qc7 Bd7 18. Qd6+ Qe7 19. Qxe7+ Kxe7 20. Nd4 h5
21. h3 h4 22. g4 Nfxg4 23. hxg4 h3 24. Bxh3 Rh8 25. Kg2 Kf6 26. f3 Ng6 27. f4
1-0

[Event "13ème Open International de NANTES"]
[Site "Nantes - France"]
[Date "2014.12.29"]
[Round "4.1"]
[White "Hutois, Mickael"]
[Black "Colin, Vincent"]
[Result "1/2-1/2"]
[WhiteElo "2221"]
[BlackElo "2384"]
[Annotator "Violeau,Jean-Luc"]
[PlyCount "119"]
[EventDate "2014.??.??"]

1. e4 e5 2. Nf3 Nc6 3. Bc4 Bc5 4. c3 Nf6 5. d3 a6 6. Bb3 Ba7 7. Nbd2 O-O 8. O-O
d6 9. Re1 Ng4 10. Re2 Kh8 11. Nf1 f5 12. exf5 Bxf5 13. Ng3 Bd7 14. h3 Nh6 15.
Ng5 Qf6 16. N5e4 Qg6 17. Be3 Nf5 18. Bxa7 Rxa7 19. Nxf5 Bxf5 20. Re3 Raa8 21.
Rg3 Qe8 22. Qd2 Qd7 23. Re1 h6 24. Rf3 Bh7 25. Ree3 Ne7 26. Ng3 Qc6 27. c4 Ng6
28. Rxf8+ Rxf8 29. d4 Nf4 30. f3 Ng6 31. Kh2 {(=)} b6 32. Bc2 Qxc4 33. dxe5
Nxe5 34. Rc3 Qxa2 35. Bxh7 Kxh7 36. Rxc7 Qe6 37. Qc2+ Qg6 38. Qxg6+ Kxg6 39.
Rb7 d5 40. Rxb6+ Rf6 41. Rb4 Nc4 42. b3 Rb6 43. Rxb6+ Nxb6 44. Ne2 Kf5 45. Kg3
Ke5 46. Kf2 d4 47. Nc1 Kd5 48. Ke2 a5 49. Kd2 Nd7 50. Ne2 g5 51. f4 Nc5 52.
fxg5 hxg5 53. Nc1 Ke4 54. g3 Kf3 55. h4 gxh4 56. gxh4 Kg4 57. Ne2 Nxb3+ 58. Kd3
a4 59. Nxd4 Nxd4 60. Kxd4 1/2-1/2

[Event "13ème Open International de NANTES"]
[Site "Nantes - France"]
[Date "2014.12.29"]
[Round "4.2"]
[White "Djuric, Stefan"]
[Black "Theon, Pierre"]
[Result "1-0"]
[WhiteElo "2402"]
[BlackElo "2113"]
[PlyCount "65"]
[EventDate "2014.??.??"]

1. c4 c5 2. Nf3 Nc6 3. Nc3 Nd4 4. Ng1 Nf6 5. e3 Nc6 6. Nf3 d5 7. cxd5 Nxd5 8.
Bb5 Ndb4 9. O-O a6 10. Bxc6+ Nxc6 11. d4 e6 12. d5 exd5 13. Nxd5 Bd6 14. e4 O-O
15. Bg5 f6 16. Be3 Be6 17. Rc1 f5 18. Ng5 Bf7 19. h3 f4 20. Nxf7 Rxf7 21. Bxc5
Bxc5 22. Rxc5 f3 23. g3 Qg5 24. Qc1 Qg6 25. Re1 Raf8 26. Kh2 h5 27. Qe3 Ne5 28.
Nf4 Ng4+ 29. hxg4 Rxf4 30. Qb3+ R8f7 31. Rf5 R4xf5 32. exf5 Qc6 33. Re7 1-0

[Event "13ème Open International de NANTES"]
[Site "Nantes - France"]
[Date "2014.12.29"]
[Round "4.3"]
[White "Le Ruyet, Leopold"]
[Black "Aumont, Alexandre"]
[Result "0-1"]
[WhiteElo "2266"]
[BlackElo "2057"]
[Annotator "Violeau,Jean-Luc"]
[PlyCount "82"]
[EventDate "2014.??.??"]

1. e4 e6 2. d4 d5 3. Nc3 Nf6 4. e5 Nfd7 5. f4 c5 6. Nf3 Nc6 7. Be3 a6 8. Qd2 b5
9. dxc5 Bxc5 10. Bd3 Qb6 11. Bf2 b4 12. Na4 Bxf2+ 13. Qxf2 Qxf2+ 14. Kxf2 O-O
15. c4 bxc3 16. bxc3 f6 17. exf6 Rxf6 18. Ke3 e5 19. fxe5 Ndxe5 20. Nb6 Rb8 21.
Nxd5 Ng4+ 22. Kd2 Rd6 23. c4 Be6 24. Rab1 Rbd8 {(=)} 25. Be4 Nf6 26. Ke3 Bxd5
27. cxd5 Re8 28. dxc6 Nxe4 29. Nd4 Nc5+ 30. Kd2 Rxd4+ 31. Kc3 Rd6 32. c7 Rc6
33. Rhe1 Rc8 34. Re7 Ne6+ 35. Kd2 Rd6+ 36. Ke2 Kf8 37. Rb8 Kxe7 38. Rxc8 Rc6
39. Rh8 Nf8 40. h4 Rxc7 41. h5 Kf7 0-1

[Event "13ème Open International de NANTES"]
[Site "Nantes - France"]
[Date "2014.12.29"]
[Round "4.4"]
[White "Peric, Slavisa"]
[Black "Le Goff, Ronan"]
[Result "0-1"]
[WhiteElo "2182"]
[BlackElo "2200"]
[PlyCount "78"]
[EventDate "2014.??.??"]

1. d4 Nf6 2. Nf3 e6 3. c4 b6 4. g3 Ba6 5. Qb3 Nc6 6. Bd2 Bb7 7. Bc3 a5 8. Bg2
a4 9. Qd1 d5 10. cxd5 exd5 11. O-O Be7 12. Bd2 O-O 13. Bg5 Ne4 14. Bxe7 Qxe7
15. Nc3 Rfd8 16. Rc1 a3 17. b3 Nb4 18. Ne5 c5 19. Bxe4 dxe4 20. e3 f6 21. Nc4
Ba6 22. Nxb6 cxd4 23. exd4 Rab8 24. Nc4 Nd3 25. Rc2 Rxd4 26. Ne2 Rd7 27. Rd2
Rbd8 28. Qc2 Qe6 29. Qc3 Bb7 30. Ne3 Rc8 31. Qa5 Rc5 32. Nf4 Nxf4 33. Qxc5 Nh3+
34. Kg2 Rxd2 35. Qb4 Rd7 36. Rd1 Rxd1 37. Nxd1 Bc8 38. Ne3 Ng5 39. Kf1 Ba6+ 0-1

[Event "13ème Open International de NANTES"]
[Site "Nantes - France"]
[Date "2014.12.29"]
[Round "4.5"]
[White "Dubois, Pierre"]
[Black "Bellaiche, Elise"]
[Result "1-0"]
[WhiteElo "2103"]
[BlackElo "2055"]
[PlyCount "71"]
[EventDate "2014.??.??"]

1. f4 d5 2. Nf3 c5 3. e3 g6 4. Nc3 Bg7 5. Bb5+ Nc6 6. O-O Nf6 7. Bxc6+ bxc6 8.
Ne5 Qc7 9. d3 d4 10. Na4 Nd5 11. e4 Nb6 12. Nxc5 Bxe5 13. fxe5 Qxe5 14. Nb3 h5
15. Bf4 Qg7 16. Qf3 Bg4 17. Qg3 Nd7 18. h3 Be6 19. Nd2 h4 20. Qf2 g5 21. Bh2 g4
22. hxg4 h3 23. Nf3 hxg2 24. Qxg2 c5 25. b4 cxb4 26. Rfb1 Rc8 27. Rxb4 Qxg4 28.
Qxg4 Bxg4 29. Nxd4 e5 30. Nf5 Rxc2 31. Bxe5 Rg8 32. Ne3 Bh3+ 33. Kh1 Bg2+ 34.
Kh2 Nxe5 35. Rb8+ Ke7 36. Rxg8 1-0

[Event "13ème Open International de NANTES"]
[Site "Nantes - France"]
[Date "2014.12.29"]
[Round "4.6"]
[White "Lalic, Bogdan"]
[Black "Le Gallo, Frederic"]
[Result "1-0"]
[WhiteElo "2479"]
[BlackElo "1962"]
[PlyCount "63"]
[EventDate "2014.??.??"]

1. d4 c5 2. d5 d6 3. e4 Nf6 4. Nc3 g6 5. Bb5+ Nbd7 6. a4 a6 7. Be2 Bg7 8. Nf3
O-O 9. O-O b6 10. h3 Bb7 11. Bf4 Ne8 12. Qd2 Qc7 13. Bh6 Rd8 14. Rad1 Ndf6 15.
Bc4 Bc8 16. Rfe1 Qb7 17. Bxg7 Kxg7 18. Rb1 Nc7 19. b4 Qa8 20. bxc5 bxc5 21. Qe3
e5 22. dxe6 Bxe6 23. Bf1 d5 24. Qxc5 dxe4 25. Ng5 h6 26. Ngxe4 Ncd5 27. Nxd5
Nxd5 28. Qd4+ Kg8 29. c4 f5 30. Nc5 Nf6 31. Qh4 Bf7 32. Qxf6 1-0

[Event "13ème Open International de NANTES"]
[Site "Nantes - France"]
[Date "2014.12.29"]
[Round "4.7"]
[White "Lambert, Thomas"]
[Black "Jaulin, Philippe"]
[Result "1/2-1/2"]
[WhiteElo "1773"]
[BlackElo "2150"]
[PlyCount "36"]
[EventDate "2014.??.??"]

1. e4 c5 2. Nf3 Nc6 3. d4 cxd4 4. Nxd4 e5 5. Nb5 d6 6. N1c3 a6 7. Na3 Be7 8.
Be2 Nf6 9. Bg5 Nxe4 10. Nxe4 Bxg5 11. Nxd6+ Ke7 12. Ne4 Bh6 13. Nc4 Be6 14. O-O
Qd4 15. Qd3 f5 16. Qa3+ Kf7 17. Ncd6+ Kg8 18. Rad1 Qb4 1/2-1/2

[Event "13ème Open International de NANTES"]
[Site "Nantes - France"]
[Date "2014.12.29"]
[Round "4.8"]
[White "Genereau, Thierry"]
[Black "Picard, Remi"]
[Result "0-1"]
[WhiteElo "1874"]
[BlackElo "2091"]
[PlyCount "78"]
[EventDate "2014.??.??"]

1. c4 e5 2. g3 Nf6 3. Bg2 Nc6 4. Nc3 Bb4 5. Nd5 Bc5 6. e3 O-O 7. Ne2 Nxd5 8.
cxd5 Ne7 9. O-O c6 10. Nc3 d6 11. Qb3 a6 12. a4 Kh8 13. a5 f5 14. f4 e4 15. d4
exd3 16. Bd2 Qe8 17. dxc6 bxc6 18. Na4 Ba7 19. Qxd3 d5 20. Nb6 Rb8 21. Qd4 Ng8
22. Bb4 Rf6 23. Bc5 Re6 24. g4 fxg4 25. f5 Rh6 26. Qxg4 Nf6 27. Qe2 Qe5 28. Ra4
Qxh2+ 29. Kf2 Qe5 30. Rf4 Bxf5 31. Bd4 Qe6 32. Qxa6 Bxb6 33. axb6 Ng4+ 34. Rxg4
Bxg4 35. Bxg7+ Kxg7 36. Qa7+ Qf7+ 37. Kg1 Qxa7 38. bxa7 Ra8 39. Ra1 Re6 0-1

[Event "13ème Open International de NANTES"]
[Site "Nantes - France"]
[Date "2014.12.29"]
[Round "4.9"]
[White "Moreels, Yves"]
[Black "Henry, Florent"]
[Result "1-0"]
[WhiteElo "2085"]
[BlackElo "1884"]
[Annotator "Violeau,Jean-Luc"]
[PlyCount "60"]
[EventDate "2014.??.??"]

1. c4 Nf6 2. Nc3 c5 3. Nf3 g6 4. d4 Bg7 5. e4 cxd4 6. Nxd4 d6 7. f3 h5 8. Be3
Nc6 9. Qd2 Ne5 10. Rc1 Bd7 11. Be2 Rc8 12. b3 a6 13. O-O O-O 14. Rfd1 Qa5 15.
Nd5 Qd8 16. h3 Bc6 17. g4 e6 18. Nxf6+ Bxf6 19. gxh5 gxh5 20. f4 Ng6 21. Nxc6
Rxc6 22. Bxh5 Kh8 23. Kh1 Rg8 24. Rg1 Qf8 25. Bxg6 fxg6 26. Rg4 Qh6 27. Kg2 Qh5
28. Rh1 b5 29. Bd4 e5 30. fxe5 dxe5 {Les blancs sont mieux et gagnent au coup
62.} 1-0

[Event "13ème Open International de NANTES"]
[Site "Nantes - France"]
[Date "2014.12.29"]
[Round "4.10"]
[White "Julien, Jules-Alois"]
[Black "Bellaiche, Guy"]
[Result "1-0"]
[WhiteElo "2039"]
[BlackElo "1794"]
[PlyCount "59"]
[EventDate "2014.??.??"]

1. e4 Nc6 2. Nc3 d6 3. Bc4 Nf6 4. d3 Na5 5. Bb3 Nxb3 6. axb3 e5 7. Nge2 Be7 8.
d4 O-O 9. f3 c6 10. Be3 a6 11. Qd2 b5 12. O-O Bb7 13. Rfd1 Qc7 14. Qe1 Nd7 15.
Ng3 Bh4 16. Bf2 exd4 17. Rxd4 Ne5 18. Rad1 Rad8 19. Nf5 Bxf2+ 20. Qxf2 d5 21.
exd5 cxd5 22. Qg3 g6 23. Ne3 Rfe8 24. Kh1 Qc8 25. Qg5 Qe6 26. Ncxd5 Bxd5 27.
Nxd5 Nd7 28. Nf6+ Kg7 29. Nxe8+ Rxe8 30. Re4 1-0

[Event "13ème Open International de NANTES"]
[Site "Nantes - France"]
[Date "2014.12.29"]
[Round "5.1"]
[White "Colin, Vincent"]
[Black "Djuric, Stefan"]
[Result "1-0"]
[WhiteElo "2384"]
[BlackElo "2402"]
[PlyCount "73"]
[EventDate "2014.??.??"]

1. e4 c5 2. Nc3 e6 3. Nf3 Nc6 4. g3 Nf6 5. Bg2 d5 6. exd5 Nxd5 7. Nxd5 Qxd5 8.
O-O Be7 9. d3 O-O 10. Ng5 Qd8 11. Qh5 h6 12. Ne4 Nd4 13. c3 Nf5 14. Rd1 a5 15.
Bh1 a4 16. g4 Nh4 17. g5 Nf5 18. gxh6 g6 19. Qg4 e5 20. Qe2 Kh7 21. f4 exf4 22.
Bxf4 Ra6 23. h4 Nxh4 24. d4 c4 25. Nc5 Bd6 26. Be3 Re8 27. Qf2 Nf5 28. Ne4 Nxe3
29. Qxe3 Ra5 30. Rf1 Rh5 31. Rxf7+ Kh8 32. Nf6 Bh2+ 33. Kg2 Bh3+ 34. Kxh2 Be6+
35. Nxh5 Qh4+ 36. Kg1 Bd5 37. Qxe8# 1-0

[Event "13ème Open International de NANTES"]
[Site "Nantes - France"]
[Date "2014.12.29"]
[Round "5.2"]
[White "Le Goff, Ronan"]
[Black "Hutois, Mickael"]
[Result "1/2-1/2"]
[WhiteElo "2200"]
[BlackElo "2221"]
[Annotator "Violeau,Jean-Luc"]
[PlyCount "32"]
[EventDate "2014.??.??"]

1. e4 e5 2. Nc3 Nc6 3. Nf3 Nf6 4. Bb5 Bb4 5. O-O O-O 6. d3 d6 7. Bg5 Bxc3 8.
bxc3 Qe7 9. Bxc6 bxc6 10. Rb1 Be6 11. c4 Rab8 12. Qe2 Rb6 13. Rb3 Rfb8 {(=)}
14. Rfb1 h6 15. Be3 c5 16. h3 Nd7 1/2-1/2

[Event "13ème Open International de NANTES"]
[Site "Nantes - France"]
[Date "2014.12.29"]
[Round "5.3"]
[White "Aumont, Alexandre"]
[Black "Moreels, Yves"]
[Result "0-1"]
[WhiteElo "2057"]
[BlackElo "2085"]
[Annotator "Violeau,Jean-Luc"]
[PlyCount "66"]
[EventDate "2014.??.??"]

1. e4 Nc6 2. d4 d5 3. e5 Bf5 4. c3 e6 5. f4 h5 {(=)} 6. Nf3 Be7 7. Be2 h4 8.
O-O Nh6 9. b4 a6 10. a4 O-O 11. Na3 b6 12. Qb3 a5 13. b5 Nb8 14. Kh1 Nd7 15.
Be3 g6 16. c4 Be4 17. Nd2 dxc4 18. Bxc4 Bb7 19. Rfd1 h3 20. d5 hxg2+ 21. Kxg2
exd5 22. Bxd5 Nc5 23. Bxb7 Nxb3 24. Nxb3 Qb8 25. Be4 Qc8 26. Nd4 Bxa3 27. Rxa3
Qg4+ 28. Kf2 Qxd1 29. h3 Rad8 30. Bf3 Qxd4 31. Bxd4 Rxd4 32. Ke3 Rfd8 33. Rc3
Nf5+ 0-1

[Event "13ème Open International de NANTES"]
[Site "Nantes - France"]
[Date "2014.12.29"]
[Round "5.4"]
[White "Mishkovski, Lubomir"]
[Black "Lalic, Bogdan"]
[Result "0-1"]
[WhiteElo "2019"]
[BlackElo "2479"]
[PlyCount "112"]
[EventDate "2014.??.??"]

1. d4 Nf6 2. c4 e6 3. Nf3 d5 4. g3 Bb4+ 5. Bd2 Bd6 6. Bg2 c6 7. Qc2 Nbd7 8. O-O
O-O 9. b3 Re8 10. Bc3 dxc4 11. bxc4 e5 12. Rd1 Qe7 13. d5 cxd5 14. cxd5 Nc5 15.
Nfd2 Bd7 16. a4 b5 17. axb5 Bxb5 18. Nf1 Qd7 19. Re1 Rec8 20. Qa2 Nce4 21. Ba5
Bc4 22. Qa4 Qxa4 23. Rxa4 Bxd5 24. Ne3 Bc6 25. Rc4 Bc5 26. Rec1 Bxe3 27. fxe3
Bb7 28. Bc7 Bd5 29. Ra4 a6 30. Bh3 Re8 31. Ra5 g6 32. Nc3 Nxc3 33. Rxc3 Ra7 34.
Bb6 Rb7 35. Rxa6 Reb8 36. Rc8+ Rxc8 37. Bxc8 Rb8 38. Bh3 Kg7 39. Bg2 Bc4 40.
Ra4 Bxe2 41. Rb4 Rc8 42. Rb2 Rc1+ 43. Kf2 Bc4 44. h3 Bd5 45. Bxd5 Nxd5 46. Ba7
Kf6 47. Bb8 Ke6 48. e4 Ne7 49. Rb5 Nc6 50. Rb6 Kd7 51. Rb5 Rc2+ 52. Ke3 Rc3+
53. Kf2 f6 54. Rd5+ Ke6 55. Rd6+ Ke7 56. Rd5 Nxb8 0-1

[Event "13ème Open International de NANTES"]
[Site "Nantes - France"]
[Date "2014.12.29"]
[Round "5.5"]
[White "Caillot, Arnaud"]
[Black "Dubois, Pierre"]
[Result "0-1"]
[WhiteElo "1614"]
[BlackElo "2103"]
[PlyCount "54"]
[EventDate "2014.??.??"]

1. d4 Nf6 2. c4 c5 3. d5 e6 4. Nc3 exd5 5. cxd5 d6 6. e4 g6 7. Nf3 Bg7 8. Be2
O-O 9. O-O a6 10. a4 Bg4 11. h3 Bxf3 12. Bxf3 Re8 13. Bf4 Qe7 14. Qc2 Nbd7 15.
Rfe1 Rab8 16. Be2 Rbc8 17. a5 Nxe4 18. Bd3 Qf6 19. Ne2 Qe7 20. Ng3 Qh4 21. Qc1
Nxg3 22. Rxe8+ Rxe8 23. Bxg3 Qd4 24. Bc4 Be5 25. Bxe5 Nxe5 26. b3 Nxc4 27. Qxc4
Qxa1+ 0-1

[Event "13ème Open International de NANTES"]
[Site "Nantes - France"]
[Date "2014.12.29"]
[Round "5.6"]
[White "Picard, Remi"]
[Black "Julien, Jules-Alois"]
[Result "1-0"]
[WhiteElo "2091"]
[BlackElo "2039"]
[PlyCount "81"]
[EventDate "2014.??.??"]

1. e4 c5 2. Nf3 Nc6 3. d4 cxd4 4. Nxd4 e6 5. Be2 Qc7 6. O-O Nf6 7. Nc3 a6 8.
Be3 b5 9. a3 Na5 10. Qd3 d6 11. Rad1 Bd7 12. f4 Nc4 13. Bc1 Rc8 14. Qg3 Nb6 15.
Kh1 h5 16. Nf3 Qb8 17. Bd3 Bc6 18. Ng5 Nbd7 19. Rde1 e5 20. Nd5 Qb7 21. fxe5
dxe5 22. Rf5 h4 23. Rxe5+ Nxe5 24. Qxe5+ Be7 25. Bd2 Bxd5 26. exd5 Kf8 27. d6
Bd8 28. Bb4 g6 29. d7+ Kg7 30. dxc8=Q Qxc8 31. Qc5 Qg4 32. h3 Qg3 33. Qe5 Qxe5
34. Rxe5 Nh5 35. Ne4 f5 36. Nc5 Ng3+ 37. Kg1 Bf6 38. Bc3 Rc8 39. Re7+ Kh6 40.
Bxf6 Rxc5 41. Bxh4 1-0

[Event "13ème Open International de NANTES"]
[Site "Nantes - France"]
[Date "2014.12.29"]
[Round "5.7"]
[White "Arnaudov, G. Petar"]
[Black "Durand-Le Ludec, Brendan-Budok"]
[Result "1-0"]
[WhiteElo "2450"]
[BlackElo "2007"]
[PlyCount "37"]
[EventDate "2014.??.??"]

1. Nf3 Nf6 2. c4 c6 3. g3 d5 4. Bg2 dxc4 5. O-O Bf5 6. a4 e6 7. Na3 Qd5 8. b3
cxb3 9. d3 Qd8 10. Qxb3 Qb6 11. Qc2 Qc7 12. Nc4 Nbd7 13. Bf4 Qd8 14. Nd6+ Bxd6
15. Bxd6 Nb6 16. Ba3 Nc8 17. Rab1 Qc7 18. Nd4 Ng8 19. Rxb7 1-0

[Event "13ème Open International de NANTES"]
[Site "Nantes - France"]
[Date "2014.12.29"]
[Round "5.8"]
[White "Bellaiche, Elise"]
[Black "Le Ruyet, Leopold"]
[Result "1-0"]
[WhiteElo "2055"]
[BlackElo "2266"]
[PlyCount "81"]
[EventDate "2014.??.??"]

1. e4 e5 2. Nf3 Nc6 3. Bb5 a6 4. Ba4 Nf6 5. O-O b5 6. Bb3 Be7 7. d3 O-O 8. a3
d6 9. Nc3 h6 10. h3 Bb7 11. Nd5 Nb8 12. Ne3 g6 13. Nh2 d5 14. Nxd5 Nxd5 15.
exd5 h5 16. c4 c6 17. Nf3 Bf6 18. dxc6 Nxc6 19. cxb5 axb5 20. Rb1 Bc8 21. Bh6
Re8 22. Qd2 Bf5 23. Rbd1 Qd7 24. Ng5 Re7 25. Ne4 Bg7 26. Qg5 Kh7 27. Bxg7 Kxg7
28. Nf6 Qd4 29. Nd5 Re6 30. Nc7 Rc8 31. Nxe6+ fxe6 32. Qd2 Rd8 33. Rc1 Rd6 34.
Rc3 Bxd3 35. Rfc1 Nd8 36. Rc7+ Nf7 37. Qb4 Qxb4 38. axb4 Kf6 39. R1c6 Rxc6 40.
Rxc6 Nd8 41. Rd6 1-0

[Event "13ème Open International de NANTES"]
[Site "Nantes - France"]
[Date "2014.12.29"]
[Round "5.9"]
[White "Noulet, Jeremy"]
[Black "Peric, Slavisa"]
[Result "0-1"]
[WhiteElo "1937"]
[BlackElo "2182"]
[Annotator "Violeau,Jean-Luc"]
[PlyCount "88"]
[EventDate "2014.??.??"]

1. d4 e6 2. c4 Bb4+ 3. Bd2 Qe7 4. Nc3 f5 5. a3 Bxc3 6. Bxc3 Nf6 7. f3 d6 8. e3
O-O 9. Qc2 b6 10. Bd3 Bb7 11. Ne2 Nbd7 12. h3 g6 13. O-O-O e5 14. Ng3 e4 15.
fxe4 Nxe4 16. Nxe4 Bxe4 17. Bxe4 Qxe4 18. Qxe4 fxe4 19. Rdf1 c6 20. Bb4 Rxf1+
21. Rxf1 d5 22. b3 a5 23. Bd6 a4 24. cxd5 cxd5 25. bxa4 Rxa4 26. Kb2 Rc4 27.
Rc1 Rxc1 28. Kxc1 Kf7 29. Kc2 Ke6 30. Bc7 b5 31. Kb3 Nf8 32. Kb4 Kd7 33. Bf4
Kc6 34. Ka5 Nd7 35. Kb4 Nb6 36. g4 h5 37. gxh5 gxh5 38. Bg5 {(=)} Nc4 39. Bf4
Nb2 40. Bg3 Nd1 41. Bf4 Nf2 42. Bg3 Nxh3 43. Bh4 Ng1 44. Kc3 Nf3 0-1

[Event "13ème Open International de NANTES"]
[Site "Nantes - France"]
[Date "2014.12.29"]
[Round "5.10"]
[White "Jaulin, Philippe"]
[Black "Cleran, Anthony"]
[Result "1-0"]
[WhiteElo "2150"]
[BlackElo "1933"]
[Annotator "Violeau,Jean-Luc"]
[PlyCount "93"]
[EventDate "2014.??.??"]

1. e4 e5 2. Nf3 Nc6 3. d4 exd4 4. Nxd4 Bc5 5. Nb3 Bb6 6. Nc3 d6 7. Qe2 Nf6 8.
Bg5 h6 9. Be3 Be6 10. O-O-O Bxb3 11. axb3 Qe7 12. f3 O-O-O 13. Bxb6 axb6 14.
Qc4 Rhe8 15. Qa4 Kd7 16. g3 Qe5 17. Nd5 g5 18. Bh3+ g4 19. f4 Qe6 20. Nxf6+
Qxf6 21. Bxg4+ Ke7 22. Qc4 Ra8 23. c3 Ra5 24. b4 Ra4 25. Rhf1 Rea8 26. e5 Qg6
27. f5 Qg5+ 28. Kc2 b5 29. exd6+ cxd6 30. Qe4+ Ne5 31. f6+ Kf8 {(=)} 32. Be2
Re8 33. Rf5 Nc4 34. Qxe8+ Kxe8 35. Rxg5 hxg5 36. Bxc4 bxc4 37. Rxd6 g4 38. Rd4
Ra6 39. Re4+ Re6 40. Rxg4 Re2+ 41. Kb1 Rxh2 42. Rxc4 Rf2 43. Re4+ Kd8 44. Rf4
Rg2 45. g4 Kd7 46. Re4 Rf2 47. Re7+ 1-0

[Event "13ème Open International de NANTES"]
[Site "Nantes - France"]
[Date "2014.12.29"]
[Round "5.11"]
[White "Theon, Pierre"]
[Black "Lambert, Thomas"]
[Result "1-0"]
[WhiteElo "2113"]
[BlackElo "1773"]
[PlyCount "47"]
[EventDate "2014.??.??"]

1. c4 c6 2. g3 d5 3. Nf3 Nf6 4. Bg2 Bf5 5. cxd5 cxd5 6. Qb3 Nc6 7. Qxb7 Bd7 8.
Qb3 e5 9. d3 Rb8 10. Qd1 Bc5 11. O-O O-O 12. Nfd2 a5 13. Nc3 Bg4 14. Nb3 Ba7
15. Bg5 Nd4 16. Nxd4 exd4 17. Nxd5 Rxb2 18. Bxf6 gxf6 19. Qc1 Rxe2 20. Qh6 Bf5
21. Nxf6+ Kh8 22. Be4 Qc8 23. Bxf5 Qxf5 24. Qxf8# 1-0

[Event "13ème Open International de NANTES"]
[Site "Nantes - France"]
[Date "2014.12.30"]
[Round "6.1"]
[White "Lalic, Bogdan"]
[Black "Colin, Vincent"]
[Result "1/2-1/2"]
[WhiteElo "2479"]
[BlackElo "2384"]
[PlyCount "28"]
[EventDate "2014.??.??"]

1. d4 Nf6 2. c4 e6 3. Nf3 b6 4. g3 Bb7 5. Bg2 Be7 6. O-O O-O 7. Nc3 d5 8. cxd5
exd5 9. Bf4 Na6 10. Rc1 Ne4 11. Ne5 c5 12. dxc5 Naxc5 13. Be3 Nxc3 14. bxc3 Qc7
1/2-1/2

[Event "13ème Open International de NANTES"]
[Site "Nantes - France"]
[Date "2014.12.30"]
[Round "6.2"]
[White "Dubois, Pierre"]
[Black "Hutois, Mickael"]
[Result "0-1"]
[WhiteElo "2103"]
[BlackElo "2221"]
[Annotator "Violeau,Jean-Luc"]
[PlyCount "40"]
[EventDate "2014.??.??"]

1. f4 e5 2. e4 d5 3. exd5 exf4 4. Nf3 Nf6 5. Bc4 Bd6 6. O-O O-O 7. d4 Bg4 8.
Nc3 Nbd7 9. Qe1 c6 10. dxc6 bxc6 11. Qh4 Qb6 12. Ne2 Bxf3 13. Rxf3 Rae8 14. Kf1
c5 15. d5 Ne5 16. Rb3 Qc7 17. Qxf4 Nxc4 18. Qxc4 Re4 19. Qa6 Rfe8 20. Ng3 Re1+
0-1

[Event "13ème Open International de NANTES"]
[Site "Nantes - France"]
[Date "2014.12.30"]
[Round "6.3"]
[White "Moreels, Yves"]
[Black "Le Goff, Ronan"]
[Result "1-0"]
[WhiteElo "2085"]
[BlackElo "2200"]
[Annotator "Violeau,Jean-Luc"]
[PlyCount "57"]
[EventDate "2014.??.??"]

1. c4 e6 2. Nc3 Bb4 3. e4 Bxc3 4. dxc3 d6 5. Qg4 Qf6 6. Nf3 h6 7. c5 Nc6 8.
cxd6 cxd6 9. Bb5 Nge7 10. O-O O-O 11. Qf4 {(=)} Qxf4 12. Bxf4 e5 13. Be3 Be6
14. Rfd1 Rfd8 15. Rd2 f5 16. Bxc6 bxc6 17. Rad1 fxe4 18. Rxd6 Rxd6 19. Rxd6
Bxa2 20. Nxe5 Rb8 21. Bxa7 Rxb2 22. g4 Nd5 23. h4 Nxc3 24. Rd8+ Kh7 25. g5 hxg5
26. hxg5 Rb5 27. g6+ Kh6 28. Be3+ Kh5 29. Rh8# 1-0

[Event "13ème Open International de NANTES"]
[Site "Nantes - France"]
[Date "2014.12.30"]
[Round "6.4"]
[White "Djuric, Stefan"]
[Black "Picard, Remi"]
[Result "1-0"]
[WhiteElo "2402"]
[BlackElo "2091"]
[PlyCount "77"]
[EventDate "2014.??.??"]

1. Nf3 Nf6 2. c4 g6 3. Nc3 Bg7 4. e4 d6 5. d4 O-O 6. Be2 e5 7. d5 Na6 8. Nd2 c5
9. Nf1 Bd7 10. Bg5 Nc7 11. Nd2 a6 12. a4 b6 13. Ra3 Qe7 14. O-O Rfb8 15. Qc2
Qe8 16. h3 Nh5 17. Bxh5 gxh5 18. Nf3 b5 19. axb5 axb5 20. Rxa8 Rxa8 21. cxb5
Nxb5 22. Nxb5 Bxb5 23. Re1 Qb8 24. Kh2 Bd7 25. Nd2 Ra4 26. b3 Rb4 27. Ra1 Bb5
28. Ra3 h6 29. Be3 Kh7 30. Qd1 Kg6 31. Qf3 Bd7 32. Nc4 Rxc4 33. bxc4 h4 34. Ra6
f5 35. Bxc5 Bf8 36. Bxd6 Bxd6 37. c5 fxe4 38. Qxe4+ Bf5 39. Qxh4 1-0

[Event "13ème Open International de NANTES"]
[Site "Nantes - France"]
[Date "2014.12.30"]
[Round "6.6"]
[White "Peric, Slavisa"]
[Black "Bellaiche, Elise"]
[Result "1/2-1/2"]
[WhiteElo "2182"]
[BlackElo "2055"]
[PlyCount "48"]
[EventDate "2014.??.??"]

1. d4 d5 2. Nf3 Nf6 3. c4 c6 4. Nbd2 g6 5. e3 Bg7 6. Be2 O-O 7. O-O Nbd7 8. b4
dxc4 9. Nxc4 Nd5 10. Bd2 N7f6 11. Rc1 Ne4 12. Be1 Bg4 13. Nfe5 Bxe2 14. Qxe2
Nd6 15. Qc2 Nxc4 16. Nxc4 Nb6 17. Na5 Qd7 18. Nb3 e5 19. Nc5 Qc7 20. dxe5 Bxe5
21. Bc3 Bxc3 22. Qxc3 Nd5 23. Qb2 Rfd8 24. g3 b6 1/2-1/2

[Event "13ème Open International de NANTES"]
[Site "Nantes - France"]
[Date "2014.12.30"]
[Round "6.7"]
[White "Aumont, Alexandre"]
[Black "Jaulin, Philippe"]
[Result "1-0"]
[WhiteElo "2057"]
[BlackElo "2150"]
[Annotator "Violeau,Jean-Luc"]
[PlyCount "52"]
[EventDate "2014.??.??"]

1. e4 c5 2. Nc3 Nc6 3. g3 g6 4. Bg2 Bg7 5. d3 d6 6. Be3 Rb8 7. Qd2 Qa5 8. Nge2
Nd4 9. O-O h5 10. Rad1 Bd7 11. Nc1 Nh6 12. Nb3 Qd8 13. f3 b5 14. Qf2 b4 15. Nd5
Nxb3 16. axb3 e6 17. Nf4 O-O 18. Qd2 Kh7 19. Nh3 f6 20. d4 Bb5 21. Rfe1 Qb6 22.
Nf4 Rfe8 23. Qf2 Bf8 {(=)} 24. Bh3 f5 25. exf5 Nxf5 26. Bxf5 exf5 1-0